An analytical concordance of the verb, the negation, and the syntax in Egyptian coffin texts

Αποθηκεύτηκε σε:
Λεπτομέρειες βιβλιογραφικής εγγραφής
Κύριος συγγραφέας: Molen, Rami van der
Μορφή: Βιβλίο
Γλώσσα:English
Δημοσίευση: Leiden; Boston : Brill, 2005
Σειρά:Handbuch der Orientalistik. Nahe und der Mittlere Osten ; ; 77; Erste Abteilung
Θέματα:
Ετικέτες: Προσθήκη ετικέτας
Δεν υπάρχουν, Καταχωρήστε ετικέτα πρώτοι!

MARC

LEADER 00000nam a2200000 i 4500
001 1/73841
008 080208s2005 eng d
020 |a 90-04-14213-4 (hbk. set) 
020 |a 90-04-14344-0 (hbk. τ.2) 
022 |a 01699423 
035 |l 10094488 
040 |a GR-MY-UA  |b gre  |e aacr 
041 0 |a eng 
082 0 |a 493.15  |2 (22) 
100 1 |a Molen, Rami van der. 
245 1 3 |a An analytical concordance of the verb, the negation, and the syntax in Egyptian coffin texts /  |c by Rami van der Molen 
260 |a Leiden; Boston :   |b Brill,   |c 2005 
300 |a 2τ.;  |c 24 εκ. 
490 1 |a Handbook of Oriental studies = Handbuch der Orientalistik  |v ; 77; Section one 
630 0 0 |a Coffin texts  |x Concordances. 
650 0 0 |a Egyptian language  |x Verb. 
650 0 0 |a Egyptian language  |x Negatives. 
650 0 0 |a Egyptian language  |x Syntax. 
830 0 |a Handbuch der Orientalistik. Nahe und der Mittlere Osten ;  |v ; 77; Erste Abteilung 
852 |a INST  |b RHODES  |e 20080208  |h 493.15 MOL  |p 005400030033  |q 005400030033  |t BK  |y 0 
901 |a BIBL4-2008-1 
909 |a Ρ  |b 144782 
922 |a 4ΕΛΗ  |b 200801  |c ΕΠΕΑΕΚ2/ΤΜΣ  |d ΕΛΕΥΘΕΡΟΥΔΑΚΗΣ 
970 |a ΧΑΡΙΟΠΟΛΙΤΟΥ  |b ΚΩΝΣΤΑΝΤΙΝΑ  |z 2008/02/08